LOLA (Record no. 8568)
[ view plain ]
| 000 -LEADER | |
|---|---|
| fixed length control field | 01328nam a22001457a 4500 |
| 082 ## - DEWEY DECIMAL CLASSIFICATION NUMBER | |
| Classification number | 894.812.3 |
| Item number | PAD/L |
| 100 ## - MAIN ENTRY--AUTHOR NAME | |
| Personal name | PADMARAJAN, P |
| 245 ## - TITLE STATEMENT | |
| Title | LOLA |
| 246 ## - VARYING FORM OF TITLE | |
| Title proper/short title | LOLA |
| Remainder of title | LOLA |
| 260 ## - PUBLICATION, DISTRIBUTION, ETC. (IMPRINT) | |
| Place of publication | KOTTAYAM, KERALA |
| Name of publisher | D C |
| Year of publication | 2024 |
| 300 ## - PHYSICAL DESCRIPTION | |
| Number of Pages | 152 |
| 520 ## - SUMMARY, ETC. | |
| Summary, etc | ജീവിതത്തിന്റെ ആഴങ്ങളില് നിന്നും സമാഹരിച്ച അനുഭവങ്ങളുടെ അടുപ്പം രചനകളില് സൂക്ഷിക്കുന്ന എഴുത്തുകാരനായിരുന്നു പത്മരാജന്. പ്രകൃതിയുടെയും പുരുഷന്റെയും വൈകാരികതലങ്ങളെ സത്യസന്ധമായി ആവിഷ്ക്കരിച്ച രചയിതാവ്. തന്റെ കഥകളിലൂടെയും നോവലുകളിലൂടെയും അദ്ദേഹം പറഞ്ഞത് മനുഷ്യമനസ്സുകളിലെ ആത്മബന്ധമാണ്. മനുഷ്യമനസ്സിലെ തീവ്രവികാരങ്ങളുടെ അടിയൊഴുക്കുകളും ഈ കഥകളില് നമുക്ക് കാണുവാനാകും. |
| 650 ## - SUBJECT ADDED ENTRY--TOPICAL TERM | |
| Topical Term | MALAYALAM STORIES |
| 942 ## - ADDED ENTRY ELEMENTS (KOHA) | |
| Koha item type | Books |
| Withdrawn status | Lost status | Collection code | Home library | Current library | Shelving location | Date acquired | Source of acquisition | Cost, normal purchase price | Full call number | Accession Number | Koha item type |
|---|---|---|---|---|---|---|---|---|---|---|---|
| Fiction | Main Library | Main Library | NEW SHELF WITH NEW ENTRY | 07/03/2024 | PURCHASED | 180.00 | 894.812.3 PAD/L | 13540 | Books |